| 000 | 00954nam a2200217 i 4500 | ||
|---|---|---|---|
| 001 | 49377 | ||
| 003 | ES-MaACL | ||
| 005 | 20260115063027.0 | ||
| 007 | t| | ||
| 008 | 030715s1842 sp ||||1| spa d | ||
| 080 | _a34.096 Puidullés, José | ||
| 100 | 1 |
_aCortina y Arenzana, Manuel, _d1802-1879 _940945 |
|
| 245 | 1 | 0 | _aDefensa oral hecha por el Exmo. Sr. D. Mamuel [sic] Cortina ante el Supremo Tribunal de Justicia en la causa seguida contra don José Puidullés... a la cual van unidas la sentencia que le ha puesto término y su hoja de servicios. |
| 260 |
_aMadrid : _b[s.n.], _c1842 ( _fEstab. Tip. Calle del Sordo, número 11) |
||
| 300 |
_a68 p. ; _c18 cm. |
||
| 600 | 1 | 4 |
_aPuidullés, José- _xProcesos. _9163553 |
| 700 | 1 |
_aPuidullés, José. _9163554 |
|
| 710 | 1 |
_aEspaña. _bTribunal Supremo _94004 |
|
| 852 | 4 |
_aES-MaACL _jT-20-F-9 _z- Enc. hol., falto de cub. original _z- Enc. en un vol. facticio |
|
| 999 |
_c49377 _d49377 |
||